[Event "CZE-Cup11 fin corr"]
[Site "Czechia"]
[Date "2004.06.18"]
[Round "15"]
[White "Jakimic, Viktor"]
[Black "Doubek, Svatopluk"]
[Result "1/2-1/2"]
[WhiteElo "2095"]
[BlackElo "2270"]
[PlyCount "35"]
[EventDate "2004.??.??"]
[EventType "tourn (corr)"]
[EventRounds "15"]
[EventCountry "CZE"]
[SourceTitle "Corr 2006"]
[Source "ChessBase"]
[SourceDate "2006.04.01"]
[SourceVersion "3"]
[SourceVersionDate "2006.04.01"]
[SourceQuality "1"]

1. d4 d5 2. c4 e6 3. Nf3 c6 4. e3 Nf6 5. Nc3 Nbd7 6. Bd3 dxc4 7. Bxc4 b5 8. Bd3 Bb7 9. a3 b4 10. Ne4 bxa3 11. bxa3 Nxe4 12. Bxe4 Bd6 13. 0-0 0-0 14. Bb2 Rb8 15. Qc2 c5 16. Bxb7 Rxb7 17. dxc5 Bxc5 18. Bd4 1/2-1/2

[Event "CZE-Cup11 fin corr"]
[Site "Czechia"]
[Date "2004.06.15"]
[Round "12"]
[White "Jarabinsky, Martin"]
[Black "Jakimic, Viktor"]
[Result "1/2-1/2"]
[WhiteElo "2000"]
[BlackElo "2095"]
[PlyCount "42"]
[EventDate "2004.??.??"]
[EventType "tourn (corr)"]
[EventRounds "15"]
[EventCountry "CZE"]
[SourceTitle "Corr 2006"]
[Source "ChessBase"]
[SourceDate "2006.04.01"]
[SourceVersion "3"]
[SourceVersionDate "2006.04.01"]
[SourceQuality "1"]

1. d4 d5 2. c4 c6 3. Nf3 e6 4. e3 Nf6 5. Bd3 dxc4 6. Bxc4 c5 7. 0-0 cxd4 8. exd4 Nc6 9. Nc3 a6 10. d5 Na5 11. dxe6 Qxd1 12. exf7+ Ke7 13. Rxd1 Nxc4 14. b3 Nd6 15. Ba3 Ke6 16. Ng5+ Kf5 17. Rxd6 Bxd6 18. Bxd6 Kxg5 19. f8Q Rxf8 20. Bxf8 Kg6 21. Bc5 Bf5 1/2-1/2

[Event "CZE-Cup11 fin corr"]
[Site "Czechia"]
[Date "2004.06.14"]
[Round "11"]
[White "Jakimic, Viktor"]
[Black "Slavik, Miroslav"]
[Result "1/2-1/2"]
[WhiteElo "2095"]
[BlackElo "2030"]
[PlyCount "94"]
[EventDate "2004.??.??"]
[EventType "tourn (corr)"]
[EventRounds "15"]
[EventCountry "CZE"]
[SourceTitle "Corr 2006"]
[Source "ChessBase"]
[SourceDate "2006.04.01"]
[SourceVersion "3"]
[SourceVersionDate "2006.04.01"]
[SourceQuality "1"]

1. d4 Nf6 2. c4 e6 3. Nc3 Bb4 4. a3 Bxc3+ 5. bxc3 c5 6. e3 0-0 7. Bd3 Nc6 8. Nf3 d6 9. Qc2 e5 10. d5 Ne7 11. 0-0 b6 12. Ng5 h6 13. Nh7 Nxh7 14. Bxh7+ Kh8 15. Bd3 f5 16. f3 Rf7 17. a4 Ng6 18. Ra2 Bd7 19. Bd2 Rc8 20. Bc1 Qg5 21. Bd2 Nh4 22. Bc1 f4 23. exf4 exf4 24. a5 Bh3 25. Rf2 Re8 26. Be4 bxa5 27. Qa4 Rfe7 28. Rae2 Bf5 29. Qxa5 Bxe4 30. fxe4 Rxe4 31. Bxf4 Qe7 32. Rxe4 Qxe4 33. Qa1 Nxg2 34. Bxd6 Ne3 35. Bg3 Re7 36. Rb2 Rf7 37. Re2 Qd3 38. Qe1 Rf1+ 39. Qxf1 Nxf1 40. Kxf1 Qxc3 41. d6 Kh7 42. Re7 a5 43. Be5 Qxc4+ 44. Kg1 Qg4+ 45. Kf1 Qd1+ 46. Kf2 Qd2+ 47. Kf1 Qd1+ 1/2-1/2

[Event "CZE-Cup11 fin corr"]
[Site "Czechia"]
[Date "2004.06.13"]
[Round "10"]
[White "Boleslav, Petr"]
[Black "Jakimic, Viktor"]
[Result "1-0"]
[WhiteElo "1735"]
[BlackElo "2095"]
[PlyCount "51"]
[EventDate "2004.??.??"]
[EventType "tourn (corr)"]
[EventRounds "15"]
[EventCountry "CZE"]
[SourceTitle "Corr 2006"]
[Source "ChessBase"]
[SourceDate "2006.04.01"]
[SourceVersion "3"]
[SourceVersionDate "2006.04.01"]
[SourceQuality "1"]

1. e4 c5 2. Nf3 Nc6 3. d4 cxd4 4. Nxd4 g6 5. c4 Bg7 6. Be3 Nf6 7. Nc3 Ng4 8. Qxg4 Nxd4 9. Qd1 Ne6 10. Rc1 Qa5 11. Bd3 Nc5 12. 0-0 d6 13. Rc2 0-0 14. Nd5 Qd8 15. b4 Nxd3 16. Qxd3 b6 17. Bd4 Bb7 18. Bxg7 Kxg7 19. f4 e6 20. Nc3 a6 21. f5 Qc7 22. f6+ Kh8 23. Rd2 Rac8 24. Rf3 g5 25. Rh3 g4 26. Rxh7+ 1-0

[Event "CZE-Cup11 fin corr"]
[Site "Czechia"]
[Date "2004.06.10"]
[Round "7"]
[White "Vinklarek, Vlastimil"]
[Black "Jakimic, Viktor"]
[Result "1-0"]
[WhiteElo "2135"]
[BlackElo "2095"]
[PlyCount "116"]
[EventDate "2004.??.??"]
[EventType "tourn (corr)"]
[EventRounds "15"]
[EventCountry "CZE"]
[SourceTitle "Corr 2006"]
[Source "ChessBase"]
[SourceDate "2006.04.01"]
[SourceVersion "3"]
[SourceVersionDate "2006.04.01"]
[SourceQuality "1"]

1. d4 d5 2. c4 c6 3. cxd5 cxd5 4. Nc3 Nf6 5. Nf3 Nc6 6. Bf4 g6 7. e3 a6 8. Be2 Nh5 9. Bg5 h6 10. Bh4 Bg7 11. 0-0 g5 12. Nd2 Nf4 13. exf4 gxh4 14. Nb3 0-0 15. Bf3 e6 16. f5 h3 17. fxe6 fxe6 18. Ne2 Qg5 19. Qc1 Qg6 20. Qc3 Bd7 21. Rad1 hxg2 22. Bxg2 e5 23. dxe5 Bxe5 24. Qd3 Bf5 25. Qxd5+ Kh8 26. Ng3 Bxb2 27. Na5 Nxa5 28. Qxa5 Bd3 29. Qd2 Bc2 30. Qb4 Bf6 31. Rd7 Rfd8 32. Rxb7 Rd4 33. Qb6 Rad8 34. Rc7 R4d6 35. Qb7 Re8 36. Bf3 Rg8 37. Rxc2 Qxc2 38. Be4 Rd7 39. Qxd7 Qxe4 40. Qd6 Qg6 41. Re1 a5 42. Re6 Qb1+ 43. Kg2 Bg7 44. Qa6 Rf8 45. Qxa5 Qb7+ 46. Kg1 Ra8 47. Qf5 Qb2 48. Re2 Qa3 49. Kg2 Rf8 50. Qg6 Qa8+ 51. Kh3 Qb7 52. a4 Qd7+ 53. Qg4 Qa7 54. Nh5 Qd4 55. Qxg7+ Qxg7 56. Nxg7 Kxg7 57. Ra2 Ra8 58. a5 Ra6 1-0

[Event "CZE-Cup11 fin corr"]
[Site "Czechia"]
[Date "2004.06.09"]
[Round "6"]
[White "Jakimic, Viktor"]
[Black "Cervenka, Jan"]
[Result "1/2-1/2"]
[WhiteElo "2095"]
[BlackElo "2155"]
[PlyCount "57"]
[EventDate "2004.??.??"]
[EventType "tourn (corr)"]
[EventRounds "15"]
[EventCountry "CZE"]
[SourceTitle "Corr 2006"]
[Source "ChessBase"]
[SourceDate "2006.04.01"]
[SourceVersion "3"]
[SourceVersionDate "2006.04.01"]
[SourceQuality "1"]

1. d4 d5 2. c4 e6 3. Nc3 Nf6 4. e3 c6 5. Nf3 Nbd7 6. Bd3 dxc4 7. Bxc4 b5 8. Bd3 Bb7 9. a3 b4 10. Ne4 Nxe4 11. Bxe4 bxa3 12. bxa3 Bd6 13. Bb2 0-0 14. 0-0 Rb8 15. Qc2 c5 16. Bxb7 Rxb7 17. dxc5 Bxc5 18. Bd4 Rc7 19. Rfc1 Bxd4 20. Qxc7 Bxa1 21. Qxd8 Rxd8 22. Rxa1 Nb6 23. Kf1 Kf8 24. Ke2 Rc8 25. Ra2 Na4 26. Rd2 Nc3+ 27. Kd3 Nb1 28. Ra2 Rc3+ 29. Kd4 1/2-1/2

[Event "CZE-Cup11 fin corr"]
[Site "Czechia"]
[Date "2004.06.07"]
[Round "4"]
[White "Jakimic, Viktor"]
[Black "Valenta, Josef"]
[Result "1-0"]
[WhiteElo "2095"]
[BlackElo "2160"]
[PlyCount "55"]
[EventDate "2004.??.??"]
[EventType "tourn (corr)"]
[EventRounds "15"]
[EventCountry "CZE"]
[SourceTitle "Corr 2006"]
[Source "ChessBase"]
[SourceDate "2006.04.01"]
[SourceVersion "3"]
[SourceVersionDate "2006.04.01"]
[SourceQuality "1"]

1. d4 d5 2. c4 dxc4 3. e4 b5 4. a4 c6 5. Nc3 e5 6. Be3 exd4 7. Qxd4 Qxd4 8. Bxd4 b4 9. Nd1 Be6 10. Nf3 c5 11. Be5 Nd7 12. Ne3 c3 13. bxc3 Nxe5 14. Nxe5 a6 15. 0-0-0 Nf6 16. f3 g6 17. Nd5 Bxd5 18. exd5 bxc3 19. Kc2 Bg7 20. g3 Nd7 21. Nc6 Nb8 22. f4 0-0 23. Bc4 Re8 24. Rhe1 Nd7 25. a5 Rxe1 26. Rxe1 Bf6 27. Rb1 Kf8 28. Rb7 1-0

[Event "CZE-Cup11 fin corr"]
[Site "Czechia"]
[Date "2004.06.06"]
[Round "3"]
[White "Thoma, Otomar"]
[Black "Jakimic, Viktor"]
[Result "1-0"]
[WhiteElo "2185"]
[BlackElo "2095"]
[PlyCount "67"]
[EventDate "2004.??.??"]
[EventType "tourn (corr)"]
[EventRounds "15"]
[EventCountry "CZE"]
[SourceTitle "Corr 2006"]
[Source "ChessBase"]
[SourceDate "2006.04.01"]
[SourceVersion "3"]
[SourceVersionDate "2006.04.01"]
[SourceQuality "1"]

1. e4 c5 2. Nf3 Nc6 3. Bb5 g6 4. 0-0 Bg7 5. c3 a6 6. Ba4 b5 7. Bc2 d5 8. d4 cxd4 9. Nxd4 Nxd4 10. cxd4 dxe4 11. Bxe4 Ra7 12. Be3 Nf6 13. Bc6+ Bd7 14. d5 Rc7 15. Bb6 Bxc6 16. dxc6 Qxd1 17. Rxd1 Rc8 18. Nc3 e6 19. c7 Nd7 20. Ba5 Be5 21. Ne4 Bxb2 22. Nd6+ Ke7 23. Nxc8+ Rxc8 24. Rab1 Be5 25. Rbc1 g5 26. Rd3 Ke8 27. Kf1 h5 28. h4 gxh4 29. Rc5 Bf6 30. Rxh5 Ke7 31. Ke2 Be5 32. Rxd7+ Kxd7 33. Rxe5 f5 34. Kf3 1-0

[Event "CZE-ch12 fin corr"]
[Site "Czechia"]
[Date "2004.??.??"]
[Round "?"]
[White "Jakimic, Viktor"]
[Black "Ksir, Bohumil"]
[Result "1/2-1/2"]
[WhiteElo "2110"]
[BlackElo "2151"]
[PlyCount "45"]
[EventDate "2005.??.??"]
[EventType "tourn (corr)"]
[EventRounds "14"]
[EventCountry "CZE"]
[SourceTitle "Corr 2006"]
[Source "ChessBase"]
[SourceDate "2006.04.01"]
[SourceVersion "3"]
[SourceVersionDate "2006.04.01"]
[SourceQuality "1"]

1. d4 Nf6 2. c4 c5 3. d5 e6 4. Nc3 exd5 5. cxd5 d6 6. e4 g6 7. f4 Bg7 8. Bb5+ Nbd7 9. e5 dxe5 10. fxe5 Nh5 11. e6 Qh4+ 12. Kd2 fxe6 13. dxe6 Bxc3+ 14. bxc3 0-0 15. Nf3 Qg4 16. Re1 a6 17. exd7 axb5 18. dxc8Q Raxc8 19. Kc2 Qxg2+ 20. Nd2 Qxh2 21. Kb1 Rcd8 22. Qb3+ Kh8 23. Ne4 1/2-1/2

[Event "CZE-ch12 fin corr"]
[Site "Czechia"]
[Date "2004.??.??"]
[Round "?"]
[White "Jakimic, Viktor"]
[Black "Mikoska, Josef"]
[Result "1/2-1/2"]
[WhiteElo "2110"]
[BlackElo "2133"]
[PlyCount "79"]
[EventDate "2005.??.??"]
[EventType "tourn (corr)"]
[EventRounds "14"]
[EventCountry "CZE"]
[SourceTitle "Corr 2006"]
[Source "ChessBase"]
[SourceDate "2006.04.01"]
[SourceVersion "3"]
[SourceVersionDate "2006.04.01"]
[SourceQuality "1"]

1. d4 g6 2. e4 Bg7 3. c4 c6 4. Nc3 d6 5. f4 Qb6 6. Nf3 Bg4 7. Na4 Qa5+ 8. Bd2 Qc7 9. Be3 e6 10. Nc3 Ne7 11. h3 Bxf3 12. Qxf3 Nd7 13. Bd3 0-0 14. 0-0 f5 15. Rae1 Qb6 16. Ne2 d5 17. e5 Qa6 18. b3 Qxa2 19. c5 Qa5 20. Ra1 Qc7 21. Qg3 Kf7 22. Ra3 b6 23. b4 Rfb8 24. Bd2 b5 25. Rfa1 Kg8 26. Kh2 Nf8 27. Ng1 Kf7 28. Nf3 h6 29. h4 h5 30. Ng5+ Kg8 31. Ra6 Qd7 32. Be2 Nh7 33. Nf3 Kf7 34. Ne1 Ng8 35. Qa3 Rb7 36. Qg3 Rbb8 37. Nd3 Nh6 38. Nc1 Ng4+ 39. Kg1 Kg8 40. Nb3 1/2-1/2

[Event "CZE-ch12 fin corr"]
[Site "Czechia"]
[Date "2004.??.??"]
[Round "?"]
[White "Jakimic, Viktor"]
[Black "Paulik, Vaclav"]
[Result "1/2-1/2"]
[WhiteElo "2110"]
[BlackElo "2172"]
[PlyCount "45"]
[EventDate "2005.??.??"]
[EventType "tourn (corr)"]
[EventRounds "14"]
[EventCountry "CZE"]
[SourceTitle "Corr 2006"]
[Source "ChessBase"]
[SourceDate "2006.04.01"]
[SourceVersion "3"]
[SourceVersionDate "2006.04.01"]
[SourceQuality "1"]

1. d4 Nf6 2. c4 g6 3. Nc3 d5 4. Nf3 Bg7 5. e3 c6 6. cxd5 cxd5 7. Bb5+ Bd7 8. Qb3 Bxb5 9. Qxb5+ Qd7 10. Ne5 Qxb5 11. Nxb5 Na6 12. a3 Nd7 13. Nd3 0-0 14. Nf4 Nf6 15. Nc3 e6 16. f3 Ne8 17. b3 Rc8 18. Bd2 Nd6 19. Nd3 Nb8 20. Rc1 Nc6 21. Ne2 a5 22. Nc3 Rc7 23. Kf2 1/2-1/2

[Event "CZE-ch12 fin corr"]
[Site "Czechia"]
[Date "2004.??.??"]
[Round "?"]
[White "Jakimic, Viktor"]
[Black "Valenta, Josef"]
[Result "1-0"]
[WhiteElo "2110"]
[BlackElo "2110"]
[PlyCount "91"]
[EventDate "2005.??.??"]
[EventType "tourn (corr)"]
[EventRounds "14"]
[EventCountry "CZE"]
[SourceTitle "Corr 2006"]
[Source "ChessBase"]
[SourceDate "2006.04.01"]
[SourceVersion "3"]
[SourceVersionDate "2006.04.01"]
[SourceQuality "1"]

1. d4 Nf6 2. c4 e6 3. Nf3 c5 4. e3 cxd4 5. exd4 Bb4+ 6. Nc3 b6 7. Bd3 0-0 8. 0-0 Bb7 9. Bg5 Bxc3 10. bxc3 d6 11. Nd2 Nbd7 12. Ne4 h6 13. Bh4 Bxe4 14. Bxe4 Rc8 15. Bd3 b5 16. cxb5 Rxc3 17. Rc1 Qc7 18. Bg3 Rxc1 19. Qxc1 Qb6 20. Qc6 Qxd4 21. Qxd6 Nd5 22. Qxd7 Qxd3 23. a4 Ra8 24. a5 Qc4 25. Be5 Qe2 26. Bd6 Qc4 27. Qc6 Rc8 28. Qxc4 Rxc4 29. Ra1 Rc8 30. Kf1 g6 31. Rb1 Rd8 32. Be5 Rd7 33. Bd4 Kf8 34. a6 Ke8 35. Ra1 Nb4 36. Be3 Nc2 37. b6 Nxa1 38. b7 Rd1+ 39. Ke2 Rb1 40. Bxa7 Rb2+ 41. Kd3 Kd7 42. b8Q Rxb8 43. Bxb8 Kc6 44. Kc3 Kb6 45. a7 Kb7 46. Kb2 1-0

[Event "CZE-ch12 fin corr"]
[Site "Czechia"]
[Date "2004.??.??"]
[Round "?"]
[White "Ksir, Bohumil"]
[Black "Jakimic, Viktor"]
[Result "1/2-1/2"]
[WhiteElo "2151"]
[BlackElo "2110"]
[PlyCount "47"]
[EventDate "2005.??.??"]
[EventType "tourn (corr)"]
[EventRounds "14"]
[EventCountry "CZE"]
[SourceTitle "Corr 2006"]
[Source "ChessBase"]
[SourceDate "2006.04.01"]
[SourceVersion "3"]
[SourceVersionDate "2006.04.01"]
[SourceQuality "1"]

1. e4 c5 2. Nf3 Nc6 3. d4 cxd4 4. Nxd4 g6 5. Nxc6 bxc6 6. Qd4 Nf6 7. e5 Nd5 8. Nc3 Qb6 9. Qxb6 Nxb6 10. Bf4 Bg7 11. Bd3 f6 12. exf6 Bxf6 13. 0-0 0-0 14. Bh6 Re8 15. Nd1 d5 16. Re1 c5 17. Rc1 e5 18. c4 Ba6 19. Be2 Bxc4 20. Bxc4 Nxc4 21. b3 Nb6 22. Rxc5 Rec8 23. Rb5 Rc2 24. Ra5 1/2-1/2

[Event "CZE-ch12 fin corr"]
[Site "Czechia"]
[Date "2004.??.??"]
[Round "?"]
[White "Mikoska, Josef"]
[Black "Jakimic, Viktor"]
[Result "1/2-1/2"]
[WhiteElo "2133"]
[BlackElo "2110"]
[PlyCount "87"]
[EventDate "2005.??.??"]
[EventType "tourn (corr)"]
[EventRounds "14"]
[EventCountry "CZE"]
[SourceTitle "Corr 2006"]
[Source "ChessBase"]
[SourceDate "2006.04.01"]
[SourceVersion "3"]
[SourceVersionDate "2006.04.01"]
[SourceQuality "1"]

1. e4 c5 2. b3 d6 3. Bb2 Nc6 4. f4 e6 5. Nf3 Nf6 6. e5 Nd5 7. g3 dxe5 8. Nxe5 Nxf4 9. Nxc6 bxc6 10. Bc4 Nd5 11. Qf3 Qc7 12. 0-0 a5 13. Qh5 a4 14. Be5 Qe7 15. Nc3 Nf6 16. Bxf6 gxf6 17. Nxa4 Ba6 18. Nb6 Bxc4 19. Nxc4 Bg7 20. a4 0-0 21. Rae1 Rfd8 22. Qf3 Ra6 23. d3 Qc7 24. Qf4 Qxf4 25. Rxf4 f5 26. Kg2 Rd4 27. Kf2 h5 28. Ke2 Kf8 29. h3 Bf6 30. Rf3 Kg7 31. Ref1 Kg6 32. Kd1 Kg5 33. Ne3 Be7 34. Ke2 Kf6 35. g4 hxg4 36. Nxg4+ Kg7 37. Ne5 Kf8 38. Rg1 Bf6 39. Nc4 Rh4 40. Kd2 Ra8 41. Nb6 Rd8 42. a5 Ke7 43. Nc4 Kd7 44. Rfg3 1/2-1/2